Direct taxes digest (1922-2011) Supreme Court /High Courts & Tribunals (ITAT) arranged according to acts, sections and topics with important statutory reviews and judicial interpretations / (Record no. 55884)
[ view plain ]
| 000 -LEADER | |
|---|---|
| fixed length control field | 02339nam a22003137a 4500 |
| 005 - DATE AND TIME OF LATEST TRANSACTION | |
| control field | 20110824113437.0 |
| 008 - FIXED-LENGTH DATA ELEMENTS--GENERAL INFORMATION | |
| fixed length control field | 110824t xxu||||| |||| 00| 0 eng d |
| 010 ## - LCCN (DPL NO) | |
| LC control number | ENG-103574-578 |
| 020 ## - INTERNATIONAL STANDARD BOOK NUMBER | |
| International Standard Book Number | 9788180386978 |
| Terms of availability | 11975.00 (set of 5 vols.) |
| 035 ## - SYSTEM CONTROL NUMBER | |
| System control number | EN-87107-111 |
| 037 ## - SOURCE OF ACQUISITION | |
| Source of stock number/acquisition | DBAD/PUB |
| 040 ## - CATALOGING SOURCE | |
| Original cataloging agency | DPL |
| Language of cataloging | Eng |
| 082 ## - DEWEY DECIMAL CLASSIFICATION NUMBER | |
| Classification number | 343.5404 |
| 100 ## - MAIN ENTRY--PERSONAL NAME | |
| Personal name | Bhatnagar, K.B. |
| 9 (RLIN) | 33517 |
| 245 ## - TITLE STATEMENT | |
| Title | Direct taxes digest (1922-2011) Supreme Court /High Courts & Tribunals (ITAT) arranged according to acts, sections and topics with important statutory reviews and judicial interpretations / |
| Remainder of title | by K.B. Bhatnagar |
| 250 ## - EDITION STATEMENT | |
| Edition statement | 9th ed by M.K. Pithisaria [and] Mukesh Pithisaria |
| 260 ## - PUBLICATION, DISTRIBUTION, ETC. (IMPRINT) | |
| Place of publication, distribution, etc | Gurgaon |
| Name of publisher, distributor, etc | LexisNexis Butterworths |
| Date of publication, distribution, etc | 2011 |
| 270 ## - ADDRESS | |
| Address | 14th Floor, Building No. 10, Tower-B, DLF Cyber City, Phase-II |
| City | Gurgaon |
| Postal code | 122002 |
| 300 ## - PHYSICAL DESCRIPTION | |
| Extent | 5V.(cccxxxii,1571;ccxciii,1572-3177;ccci,3178-4724;ccxciv,4725-6322;cccvi,6323-7779)p. |
| Dimensions | 24cm (Hb) |
| 505 ## - FORMATTED CONTENTS NOTE | |
| Formatted contents note | v.1-Income tax Act,1961 Ss.1 to 28 ; v.2-Income-tax Act, 1961 Ss. 29 to 59 ; v.3-Income -tax Act, 1961 Ss. 60 to 146 ; v.4-Income-tax Act, 1961 Ss. 147 to 255; v.5-Income-tax Act, 1961, Ss.256 to end, Wealth Tax Act, Expenditure Tax Act, Interest Tax Act |
| 700 ## - ADDED ENTRY--PERSONAL NAME | |
| Personal name | Pithisaria, M.K. |
| 9 (RLIN) | 33518 |
| 700 ## - ADDED ENTRY--PERSONAL NAME | |
| Personal name | Pithisaria, Mukesh |
| 9 (RLIN) | 33519 |
| 942 ## - ADDED ENTRY ELEMENTS (KOHA) | |
| Source of classification or shelving scheme | Dewey Decimal Classification |
| Item type | English Books |
| Classification part | 343.5404 |
| Call number suffix | BHA |
| Withdrawn status | Lost status | Source of classification or shelving scheme | Materials specified (bound volume or other part) | Damaged status | Not for loan | Collection code | Home library | Current library | Date acquired | Source of acquisition | Cost, normal purchase price | Total Checkouts | Full call number | Barcode | Date last seen | Copy number | Cost, replacement price | Koha item type |
|---|---|---|---|---|---|---|---|---|---|---|---|---|---|---|---|---|---|---|
| Dewey Decimal Classification | v.1 | Not For Loan | Non-fiction | D.B.Act.Division | D.B.Act.Division | 24/08/2011 | DBAD/PUB | 11975.00 | 343.5404 BHA | EN-87107 | 24/08/2011 | 1 | 11975.00 | English Books | ||||
| Dewey Decimal Classification | v.2 | Not For Loan | Non-fiction | D.B.Act.Division | D.B.Act.Division | 24/08/2011 | DBAD/PUB | 11975.00 | 343.5404 BHA | EN-87108 | 24/08/2011 | 1 | 11975.00 | English Books | ||||
| Dewey Decimal Classification | v.3 | Not For Loan | Non-fiction | D.B.Act.Division | D.B.Act.Division | 24/08/2011 | DBAD/PUB | 11975.00 | 343.5404 BHA | EN-87109 | 24/08/2011 | 1 | 11975.00 | English Books | ||||
| Dewey Decimal Classification | v.4 | Not For Loan | Non-fiction | D.B.Act.Division | D.B.Act.Division | 24/08/2011 | DBAD/PUB | 11975.00 | 343.5404 BHA | EN-87110 | 24/08/2011 | 1 | 11975.00 | English Books | ||||
| Dewey Decimal Classification | v.5 | Not For Loan | Non-fiction | D.B.Act.Division | D.B.Act.Division | 24/08/2011 | DBAD/PUB | 11975.00 | 343.5404 BHA | EN-87111 | 24/08/2011 | 1 | 11975.00 | English Books |
